Growing Cities in Utah - Statistics

General Stats
  • This quiz has been taken 15 times
  • The average score is 7 of 10
Answer Stats
Population Population Gained City % Correct
199,723 13,293 Salt Lake City
91%
140,230 10,743 West Valley City
91%
116,961 13,356 West Jordan
82%
77,487 27,014 South Jordan
73%
95,342 22,583 St. George
73%
81,773 14,242 Layton
64%
75,907 28,150 Lehi
64%
55,144 33,376 Herriman
55%
43,623 21,687 Eagle Mountain
45%
37,696 19,854 Saratoga Springs
45%
No matching quizzes found
Score Distribution
Percent of People with Each Score
Percentile by Number Answered
Your Score History
You have not taken this quiz